| LEADER : 00000nam 2200000uu 4500 |
| 001 13399129219 |
| 003 ULIB |
| 008 260511s2568||||th 000 0 tha d |
| 020 ^a9786162986680
|
| 060 0 ^aW21.5^bล144อ
|
| 100 0 ^aลลนา ก้องธรนินทร์.
|
| 245 1 ^aอยู่ให้ได้ ตายให้ดี :^bเรียนรู้นาทีชีวิตจากห้องฉุกเฉิน /^cเรื่อง : ลลนา ก้องธรนินทร์, พรรณอร เฉลิมดำริชัย ; ภาพ : พัชรกันย์ พิศาลสุพงศ์ (Plariex).
|
| 250 ^aพิมพ์ครั้งที่ 1.
|
| 260 ^aกรุงเทพฯ :^bขายหัวเราะ studio,^c2568.
|
| 300 ^a141 หน้า :^bภาพประกอบ ;^c21 ซม.
|
| 650 4 ^aภาวะฉุกเฉินทางการแพทย์.
|
| 650 4 ^aเวชบำบัดวิกฤต.
|
| 650 4 ^aเวชศาสตร์ฉุกเฉิน.
|
| 700 0 ^aพรรณอร เฉลิมดำริชัย.
|
| 700 0 ^aพัชรกันย์ พิศาลสุพงศ์^eผู้วาดภาพประกอบ.
|
| 999 ^aประนอม เกษจรัล
|